[Event "TATA 14th IBCA Olympiad"]
[Site "Chennai IND"]
[Date "2012.08.17"]
[Round "7.3"]
[White "Dendis, Emil"]
[Black "Bremer, Erik"]
[Result "1-0"]
[WhiteElo "1724"]
[BlackElo "1547"]
[WhiteTeam "Slovakia"]
[BlackTeam "Denmark"]
[WhiteFideId "14930439"]
[BlackFideId "1411578"]
[EventDate "2012.08.10"]
[EventType "team"]

1. d4 Nf6 2. c4 e6 3. Nc3 d5 4. Bg5 c6 5. e3 Nbd7 6. Nf3 Qa5 7. cxd5 exd5 8. Bd3
Ne4 9. a3 Nxc3 10. Qd2 Bb4 11. O-O Ne4 12. Qxb4 Qxb4 13. axb4 Nxg5 14. Nxg5 h6
15. Nf3 O-O 16. Nd2 Nf6 17. b5 Bd7 18. bxc6 Bxc6 19. f3 Rfd8 20. Kf2 a6 21. Ra5
Ne8 22. Rc1 Nd6 23. Rac5 Rdc8 24. Nb3 Ba4 25. Rxd5 Bxb3 26. Rxc8+ Rxc8 27. Rxd6
Be6 28. d5 Bxd5 29. Rxd5 Kf8 30. Rd7 b5 31. Ra7 Rc6 32. f4 b4 33. Rxa6 Rxa6 34.
Bxa6 Ke7 35. Ke2 Kd6 36. Kd3 Kc5 37. Bc4 f6 38. b3 g6 39. Ke4 Kd6 40. g4 Kc5 41.
Bf7 g5 42. fxg5 hxg5 43. Kf5 1-0

[Event "TATA 14th IBCA Olympiad"]
[Site "Chennai IND"]
[Date "2012.08.17"]
[Round "7.4"]
[White "Hansen, Martin Mandrup"]
[Black "Minarcak, Pavol"]
[Result "0-1"]
[WhiteElo "1518"]
[BlackElo "1717"]
[WhiteTeam "Denmark"]
[BlackTeam "Slovakia"]
[WhiteFideId "1441361"]
[BlackFideId "14930854"]
[EventDate "2012.08.10"]
[EventType "team"]

1. e4 e5 2. Nf3 Nc6 3. Bb5 a6 4. Ba4 b5 5. Bb3 Bc5 6. c3 d6 7. h3 Nf6 8. d4 exd4
9. cxd4 Bb6 10. Nc3 Bb7 11. O-O Na5 12. Bc2 Qd7 13. Be3 Nc4 14. b4 O-O 15. Qe2
Rfe8 16. Bg5 Nd5 17. Nxd5 Bxd5 18. Rad1 h6 19. Bh4 Nb2 20. Rb1 Bc4 21. Qe3 Bxf1
22. Kxf1 Nc4 23. Qd3 g6 24. Bg3 a5 25. Re1 axb4 26. e5 Ra3 27. Qe4 Rxf3 28. Qh4
Rxg3 29. Qxg3 Kg7 30. f4 Bxd4 31. f5 Bxe5 32. Qg4 Qc8 33. h4 Bf6 0-1

[Event "TATA 14th IBCA Olympiad"]
[Site "Chennai IND"]
[Date "2012.08.17"]
[Round "7.2"]
[White "Casadei, Marco"]
[Black "Aksu, Mumin"]
[Result "1/2-1/2"]
[WhiteElo "1803"]
[BlackElo "1905"]
[WhiteTeam "Italy"]
[BlackTeam "Turkey"]
[WhiteFideId "847542"]
[BlackFideId "6337252"]
[EventDate "2012.08.10"]
[EventType "team"]

1. e4 e5 2. Nf3 Nc6 3. Bc4 Bc5 4. c3 d6 5. d4 exd4 6. cxd4 Bb6 7. O-O Bg4 8. Be3
Qf6 9. Bb5 Bxf3 10. gxf3 O-O-O 11. Bxc6 bxc6 12. Nc3 Ne7 13. Kh1 Ng6 14. Rg1 h6
15. b4 a6 16. a4 Ne7 17. b5 axb5 18. axb5 cxb5 19. Nxb5 Kb7 20. d5 Ra8 21. Rxa8
Rxa8 22. Bxb6 cxb6 23. Qb3 Ra5 24. Rc1 g6 25. h3 Ka6 26. Nc7+ Kb7 27. Nb5 Qf4
28. Rb1 Qf6 29. Rc1 Qf4 30. Rb1 Qf6 1/2-1/2

[Event "TATA 14th IBCA Olympiad"]
[Site "Chennai IND"]
[Date "2012.08.17"]
[Round "7.3"]
[White "Boztepe, Suleyman"]
[Black "Pugliese, Giuseppe"]
[Result "1-0"]
[WhiteElo "1803"]
[BlackElo "1786"]
[WhiteTeam "Turkey"]
[BlackTeam "Italy"]
[WhiteFideId "6378951"]
[BlackFideId "821063"]
[EventDate "2012.08.10"]
[EventType "team"]

1. d4 Nf6 2. c4 c5 3. d5 e6 4. Nc3 exd5 5. Nxd5 Nxd5 6. cxd5 d6 7. Nf3 g6 8. Bg5
Qa5+ 9. Bd2 Qd8 10. Bc3 f6 11. e3 Bg7 12. Bb5+ Bd7 13. Bxd7+ Nxd7 14. Ng5 Nf8
15. Qf3 Qe7 16. Ne4 Nd7 17. O-O-O O-O-O 18. Nd2 Ne5 19. Qe4 f5 20. Qc2 Rhg8 21.
Nb3 b6 22. h3 Nd7 23. Bxg7 Qxg7 24. Nd4 Kb7 25. Ne6 Qf7 26. Nxd8+ Rxd8 27. Rd3
Nf6 28. Rhd1 b5 29. Ra3 Nxd5 30. Qb3 b4 31. Rxd5 Kb6 32. Rxd6+ 1-0

[Event "TATA 14th IBCA Olympiad"]
[Site "Chennai IND"]
[Date "2012.08.17"]
[Round "7.4"]
[White "Murgia, Stefano"]
[Black "Aclan, Levent"]
[Result "1-0"]
[WhiteElo "1709"]
[BlackElo "1589"]
[WhiteTeam "Italy"]
[BlackTeam "Turkey"]
[WhiteFideId "876011"]
[BlackFideId "6322301"]
[EventDate "2012.08.10"]
[EventType "team"]

1. e4 c5 2. Nf3 d6 3. d4 cxd4 4. Nxd4 Nf6 5. Nc3 a6 6. Bg5 e6 7. f4 Be7 8. Qf3
Nc6 9. O-O-O O-O 10. g4 Nxd4 11. Rxd4 Qb6 12. Rd2 Bd7 13. Bd3 Rfc8 14. e5 Bc6
15. Qh3 Bxh1 16. exf6 Bxf6 17. Bxf6 gxf6 18. Qh6 f5 19. gxf5 Qg1+ 20. Rd1 Qg7
21. Qh4 Bg2 22. f6 Qh8 23. Rg1 Kf8 24. Rxg2 Ke8 25. Rg7 h6 26. Qh5 Rc7 27. Bh7
Kd7 28. Qxf7+ 1-0

[Event "TATA 14th IBCA Olympiad"]
[Site "Chennai IND"]
[Date "2012.08.18"]
[Round "8.1"]
[White "Meshkov, Yuri A."]
[Black "Grigorchuk, Sergey"]
[Result "1/2-1/2"]
[WhiteTitle "IM"]
[WhiteElo "2390"]
[BlackElo "2302"]
[WhiteTeam "Russia"]
[BlackTeam "Ukraine"]
[WhiteFideId "4107101"]
[BlackFideId "14114879"]
[EventDate "2012.08.10"]
[EventType "team"]

1. c4 Nf6 2. Nf3 e6 3. b3 d5 4. Bb2 Be7 5. g3 O-O 6. Bg2 c5 7. O-O Nc6 8. e3
dxc4 9. bxc4 Qb6 10. Qb3 Na5 11. Qxb6 axb6 12. Rc1 Bd7 13. Ne5 Bc6 14. Nxc6 bxc6
15. Kf1 Ra7 16. Na3 Rb8 17. Rab1 Ne8 18. Be5 Nd6 1/2-1/2

[Event "TATA 14th IBCA Olympiad"]
[Site "Chennai IND"]
[Date "2012.08.18"]
[Round "8.3"]
[White "Krylov, Sergey"]
[Black "Konev, Victor"]
[Result "1/2-1/2"]
[WhiteTitle "IM"]
[WhiteElo "2337"]
[BlackElo "2128"]
[WhiteTeam "Russia"]
[BlackTeam "Ukraine"]
[WhiteFideId "4108809"]
[BlackFideId "14111764"]
[EventDate "2012.08.10"]
[EventType "team"]

1. e4 e5 2. Nf3 Nc6 3. Bb5 a6 4. Ba4 Nf6 5. O-O b5 6. Bb3 Be7 7. Re1 O-O 8. a4
Bb7 9. c3 d6 10. d3 Na5 11. Bc2 c5 12. Nbd2 Qc7 13. Nf1 Rfe8 14. Ng3 g6 1/2-1/2

[Event "TATA 14th IBCA Olympiad"]
[Site "Chennai IND"]
[Date "2012.08.18"]
[Round "8.4"]
[White "Yatsishin, Ivan"]
[Black "Babarykin, Stanislav"]
[Result "1/2-1/2"]
[BlackTitle "FM"]
[WhiteElo "2137"]
[BlackElo "2280"]
[WhiteTeam "Ukraine"]
[BlackTeam "Russia"]
[WhiteFideId "14107643"]
[BlackFideId "4101898"]
[EventDate "2012.08.10"]
[EventType "team"]

1. e4 e5 2. Nf3 Nf6 3. Nxe5 d6 4. Nf3 Nxe4 5. d4 d5 6. Bd3 Bd6 7. O-O O-O 8. c4
c6 9. Nc3 Nxc3 10. bxc3 dxc4 1/2-1/2

[Event "TATA 14th IBCA Olympiad"]
[Site "Chennai IND"]
[Date "2012.08.18"]
[Round "8.1"]
[White "Dimic, Pavle"]
[Black "Desanjose Candalija, Eduardo"]
[Result "1-0"]
[WhiteTitle "FM"]
[BlackTitle "FM"]
[WhiteElo "2155"]
[BlackElo "2238"]
[WhiteTeam "Serbia"]
[BlackTeam "Spain"]
[WhiteFideId "937428"]
[BlackFideId "2256827"]
[EventDate "2012.08.10"]
[EventType "team"]

1. d4 e6 2. c4 Nf6 3. Nf3 b6 4. a3 Ba6 5. e3 d5 6. Nbd2 Be7 7. b4 O-O 8. Bb2 c5
9. dxc5 bxc5 10. b5 Bb7 11. Qc2 Nbd7 12. Be2 Qc7 13. O-O Rfe8 14. Rfd1 Bd6 15.
h3 Rad8 16. a4 h6 17. Bc3 e5 18. cxd5 e4 19. Ne1 Nxd5 20. Nc4 Bh2+ 21. Kh1 N7b6
22. Bb2 f5 23. a5 Nxc4 24. Bxc4 Kh8 25. Bxd5 Rxd5 26. Rxd5 Bxd5 27. g3 Bxg3 28.
fxg3 Qxg3 29. Qg2 Qxg2+ 30. Nxg2 Rb8 31. Nf4 Rxb5 32. Bc3 1-0

[Event "TATA 14th IBCA Olympiad"]
[Site "Chennai IND"]
[Date "2012.08.18"]
[Round "8.2"]
[White "Enjuto Velasco, Roberto"]
[Black "Jandric, Damjan"]
[Result "1/2-1/2"]
[BlackTitle "CM"]
[WhiteElo "2132"]
[BlackElo "2055"]
[WhiteTeam "Spain"]
[BlackTeam "Serbia"]
[WhiteFideId "2207320"]
[BlackFideId "921475"]
[EventDate "2012.08.10"]
[EventType "team"]

1. e4 c5 2. Nf3 d6 3. d4 cxd4 4. Nxd4 Nf6 5. Nc3 a6 6. Bc4 e6 7. Bb3 b5 8. O-O
Be7 9. f4 Bb7 10. e5 dxe5 11. fxe5 Bc5 12. Be3 Bxd4 13. Bxd4 Nc6 14. Rf4 Qc7 15.
Qd2 Nd7 16. Ne4 O-O 17. Nd6 Ncxe5 18. Nxb7 Qxb7 19. Qe3 Qc7 20. Rf3 Rac8 21. Re1
Ng6 22. c3 e5 23. Ba7 Ra8 24. Rxf7 Rxf7 25. Bxf7+ Kh8 26. Bxg6 Qxa7 27. Qxa7
Rxa7 28. Bf5 g6 29. Bxd7 Rxd7 30. Rxe5 Rd2 31. Re8+ Kg7 32. Ra8 Rxb2 33. Rxa6
Rb1+ 34. Kf2 Rb2+ 35. Kg3 Rc2 36. Ra3 Rd2 37. Rb3 Rxa2 38. Rxb5 h5 39. h4 Rd2
40. Rc5 Kf6 41. Rc6+ Kf5 42. Rc5+ Kf6 43. Rc8 Rd3+ 44. Kf4 Rd2 45. Rc6+ Kg7 46.
g3 Rf2+ 47. Ke3 Rg2 48. Kf3 Rd2 49. g4 hxg4+ 50. Kxg4 Rg2+ 51. Kf3 Rd2 52. c4
Rd4 53. Kg3 Kf7 54. Rc7+ Kf6 55. Rc6+ Kf5 56. Rc5+ Kf6 57. Rc8 Rd3+ 58. Kg4 Rd4+
59. Kg3 Rd3+ 60. Kg4 1/2-1/2

[Event "TATA 14th IBCA Olympiad"]
[Site "Chennai IND"]
[Date "2012.08.18"]
[Round "8.3"]
[White "Avram, Sretko"]
[Black "Fernandez Manrique, Agustin"]
[Result "0-1"]
[WhiteTitle "FM"]
[WhiteElo "2217"]
[BlackElo "2170"]
[WhiteTeam "Serbia"]
[BlackTeam "Spain"]
[WhiteFideId "925314"]
[BlackFideId "2231000"]
[EventDate "2012.08.10"]
[EventType "team"]

1. Nf3 Nf6 2. c4 g6 3. g3 Bg7 4. Bg2 O-O 5. O-O d6 6. d4 Nbd7 7. Nc3 e5 8. e4 a6
9. h3 b5 10. dxe5 dxe5 11. Qe2 c6 12. Rd1 Qe7 13. b3 Bb7 14. Ne1 Rfd8 15. Nc2
Nf8 16. Ba3 Qc7 17. Rxd8 Rxd8 18. Bxf8 Bxf8 19. Rd1 Bc5 20. Rxd8+ Qxd8 21. b4
Bd4 22. Nd1 Bc8 23. c5 Be6 24. a3 Qd7 25. Kh2 Bb3 26. Qd2 Bxc5 27. Qxd7 Nxd7 28.
Nce3 Bxd1 29. Nxd1 Bd4 30. Bf1 Nb6 31. Kg2 Nc4 32. a4 Nd6 33. axb5 axb5 34. Bd3
Ne8 35. Kf3 Nc7 36. Ne3 Bxe3 37. Kxe3 Na6 38. f4 f6 39. Be2 Nxb4 40. fxe5 fxe5
41. Kd2 Kf7 42. h4 Na6 43. g4 Nc5 44. Bf3 Ne6 45. Kc3 Ke7 46. Kb4 Kd6 47. g5 c5+
48. Kc3 Nd4 49. Bg4 Ke7 50. Bd1 Kf7 51. Bg4 Kg7 52. Bd7 h6 53. gxh6+ Kxh6 54.
Bg4 Kg7 55. Kd3 Kf6 56. Kc3 Ke7 57. Bd1 Kd6 58. Bg4 Kc6 59. h5 gxh5 60. Bxh5 Kb6
61. Bf7 Ka5 62. Be8 Ka4 63. Bd7 Ne2+ 64. Kd3 Ng3 65. Be6 Kb4 66. Bd5 c4+ 0-1

[Event "TATA 14th IBCA Olympiad"]
[Site "Chennai IND"]
[Date "2012.08.18"]
[Round "8.1"]
[White "Pulvett, Daniel"]
[Black "Mueller, Oliver"]
[Result "1-0"]
[WhiteTitle "IM"]
[BlackTitle "FM"]
[WhiteElo "2383"]
[BlackElo "2265"]
[WhiteTeam "Venezuela"]
[BlackTeam "Germany"]
[WhiteFideId "3900410"]
[BlackFideId "4633385"]
[EventDate "2012.08.10"]
[EventType "team"]

1. e4 c5 2. Nf3 d6 3. d4 cxd4 4. Nxd4 Nf6 5. Nc3 a6 6. Bc4 e6 7. Bb3 b5 8. O-O
Nbd7 9. Bg5 Nc5 10. f4 b4 11. Bxf6 gxf6 12. Na4 Bd7 13. c3 h5 14. cxb4 Nxe4 15.
f5 d5 16. fxe6 fxe6 17. Nc3 Nxc3 18. bxc3 Bd6 19. Qd3 Kf7 20. Rae1 Qb6 21. Qf3
Rh6 22. Bxd5 Re8 23. Qe3 Rg6 24. Bb3 Qc7 25. Bxe6+ Bxe6 26. Nxe6 1-0

[Event "TATA 14th IBCA Olympiad"]
[Site "Chennai IND"]
[Date "2012.08.18"]
[Round "8.2"]
[White "Riegler, Dieter"]
[Black "Otero, Harlen"]
[Result "1/2-1/2"]
[WhiteElo "2132"]
[BlackElo "2038"]
[WhiteTeam "Germany"]
[BlackTeam "Venezuela"]
[WhiteFideId "4606426"]
[BlackFideId "3902005"]
[EventDate "2012.08.10"]
[EventType "team"]

1. d4 Nf6 2. c4 e6 3. Nc3 Bb4 4. Qc2 b6 5. a3 Bxc3+ 6. Qxc3 Ne4 7. Qc2 Bb7 8. e3
O-O 9. Ne2 f5 10. f3 Nf6 11. Nc3 c5 12. Bd3 Na6 13. O-O g6 14. b3 Qe7 15. Bb2 d6
16. Rae1 e5 17. d5 Nh5 18. g3 Bc8 19. f4 e4 20. Be2 Nf6 21. Nd1 Nc7 22. h3 h5
23. Rf2 Kf7 24. Rg2 Rh8 25. Nf2 Bd7 26. g4 hxg4 27. hxg4 Rh4 28. g5 Ng8 29. Rh2
Rxh2 30. Kxh2 Rf8 31. Qc3 Ke8 32. Qd2 Rf7 33. Kg2 Rh7 34. Rh1 Rxh1 35. Kxh1 Qh7+
36. Kg2 Ne7 37. b4 Nc8 38. Qc3 Na6 39. Qe1 Kd8 40. Bc3 Be8 41. Nd1 Kc7 42. Nb2
Kb7 43. Bd1 Kb8 44. b5 1/2-1/2

[Event "TATA 14th IBCA Olympiad"]
[Site "Chennai IND"]
[Date "2012.08.18"]
[Round "8.2"]
[White "Kishan, Gangolli"]
[Black "Bibikov, Yuriy"]
[Result "1/2-1/2"]
[WhiteElo "1972"]
[BlackElo "2038"]
[WhiteTeam "India - A"]
[BlackTeam "Kazakhstan"]
[WhiteFideId "5049350"]
[BlackFideId "13705814"]
[EventDate "2012.08.10"]
[EventType "team"]

1. d4 Nf6 2. Nf3 d6 3. c4 g6 4. Nc3 Bg7 5. e4 O-O 6. Be2 e5 7. O-O exd4 8. Nxd4
Re8 9. f3 c6 10. Be3 d5 11. cxd5 cxd5 12. Nc2 dxe4 13. Qxd8 Rxd8 14. fxe4 Re8
15. Rad1 Bg4 16. Bf3 Nc6 17. Nd5 Nxd5 18. exd5 Bxf3 19. gxf3 Ne5 20. Na3 1/2-1/2

[Event "TATA 14th IBCA Olympiad"]
[Site "Chennai IND"]
[Date "2012.08.18"]
[Round "8.3"]
[White "Kabyzhanov, Bulat"]
[Black "Darpan, Inani"]
[Result "0-1"]
[WhiteElo "2109"]
[BlackElo "2015"]
[WhiteTeam "Kazakhstan"]
[BlackTeam "India - A"]
[WhiteFideId "13705822"]
[BlackFideId "5065992"]
[EventDate "2012.08.10"]
[EventType "team"]

1. c4 Nf6 2. Nf3 c6 3. g3 d5 4. Bg2 dxc4 5. O-O Bf5 6. Na3 b5 7. b3 cxb3 8. Qxb3
e6 9. d3 a6 10. Ne5 Qc7 11. Bb2 Bd6 12. Nxc6 Nxc6 13. Rac1 Na5 14. Rxc7 Nxb3 15.
Bc6+ Kd8 16. Rxf7 Bxa3 17. Bxa3 Rc8 18. axb3 Rxc6 19. Rxg7 Nd7 20. e4 Bh3 21.
Rc1 Rxc1+ 22. Bxc1 e5 23. f4 exf4 24. Bxf4 Be6 25. b4 h5 26. d4 h4 27. d5 Bh3
28. Bg5+ Kc8 29. Bxh4 Rf8 0-1

[Event "TATA 14th IBCA Olympiad"]
[Site "Chennai IND"]
[Date "2012.08.18"]
[Round "8.1"]
[White "Mlacnik, Franc"]
[Black "Crouch, Colin S"]
[Result "0-1"]
[BlackTitle "IM"]
[WhiteElo "2124"]
[BlackElo "2373"]
[WhiteTeam "Slovenia"]
[BlackTeam "UK"]
[WhiteFideId "14601923"]
[BlackFideId "400947"]
[EventDate "2012.08.10"]
[EventType "team"]

1. d4 e6 2. c4 b6 3. Nc3 Bb7 4. e4 Bb4 5. Qc2 Qh4 6. d5 Nf6 7. Bd3 Na6 8. Nf3
Qh5 9. O-O Nc5 10. Nb5 Nxd3 11. Qxd3 O-O 12. Nxc7 Rac8 13. Nb5 a6 14. Nbd4 Qg6
15. a3 Bd6 16. Re1 exd5 17. cxd5 Bxd5 18. Nf5 Bxe4 19. Qxd6 Qxf5 20. Qxb6 Bxf3
21. gxf3 Qxf3 22. Qe3 Qb7 23. b4 Rc4 24. h3 Re4 25. Qd2 Rxe1+ 26. Qxe1 Re8 27.
Be3 Qf3 28. Kh2 Nd5 29. Qd1 Qf5 30. Bd4 Re4 31. Rc1 h6 32. Bc5 Rh4 0-1

[Event "TATA 14th IBCA Olympiad"]
[Site "Chennai IND"]
[Date "2012.08.18"]
[Round "8.2"]
[White "Ross, Chris N"]
[Black "Muri, Emil"]
[Result "1-0"]
[WhiteElo "2231"]
[BlackElo "2018"]
[WhiteTeam "UK"]
[BlackTeam "Slovenia"]
[WhiteFideId "410411"]
[BlackFideId "14601354"]
[EventDate "2012.08.10"]
[EventType "team"]

1. e4 e5 2. Nf3 Nc6 3. Bb5 a6 4. Ba4 d6 5. O-O Bd7 6. c3 g6 7. d4 Bg7 8. Re1 f6
9. b4 Nh6 10. Bb3 Qe7 11. dxe5 dxe5 12. a4 Be6 13. Ba3 Bxb3 14. Qxb3 Qf7 15. Qb2
Ne7 16. b5 a5 17. Rd1 Qe6 18. c4 Rd8 19. Rxd8+ Kxd8 20. Nc3 Kc8 21. Nd5 Nxd5 22.
cxd5 Qb6 23. Qc1 Ng4 24. Bc5 1-0

[Event "TATA 14th IBCA Olympiad"]
[Site "Chennai IND"]
[Date "2012.08.18"]
[Round "8.3"]
[White "Znuderl, Matej"]
[Black "Hilton, Stephen H"]
[Result "1/2-1/2"]
[WhiteElo "1986"]
[BlackElo "1928"]
[WhiteTeam "Slovenia"]
[BlackTeam "UK"]
[WhiteFideId "14604337"]
[BlackFideId "415030"]
[EventDate "2012.08.10"]
[EventType "team"]

1. c4 Nf6 2. Nc3 d5 3. cxd5 Nxd5 4. e4 Nb6 5. d4 g6 6. Be3 Bg7 7. Nf3 O-O 8. h3
N6d7 9. Bc4 c5 10. O-O Nc6 11. dxc5 Qa5 12. Na4 Rd8 13. Qb3 Nde5 14. Nxe5 Nxe5
15. Bd5 e6 16. Bc4 Bd7 17. Nc3 Bc6 18. Bb5 Nd3 19. Bxd3 Rxd3 20. Rad1 Rad8 21.
Rxd3 Rxd3 22. Rd1 Ba4 23. Qxa4 Qxa4 24. Rxd3 Bxc3 25. Rxc3 Qxe4 26. a3 Qb1+ 27.
Bc1 Qe4 28. Bh6 f6 29. Be3 a6 30. Kf1 Kf7 31. f3 Qd5 32. Kf2 Qc6 33. Rb3 Qd5 1/2-1/2

[Event "TATA 14th IBCA Olympiad"]
[Site "Chennai IND"]
[Date "2012.08.18"]
[Round "8.1"]
[White "Pribeanu, Mihail-Dacian"]
[Black "Magnusson, Jorgen"]
[Result "1-0"]
[WhiteTitle "FM"]
[BlackTitle "FM"]
[WhiteElo "2176"]
[BlackElo "2273"]
[WhiteTeam "Romania"]
[BlackTeam "Sweden"]
[WhiteFideId "1209094"]
[BlackFideId "1700880"]
[EventDate "2012.08.10"]
[EventType "team"]

1. Nf3 f5 2. g3 Nf6 3. Bg2 d6 4. d4 e6 5. O-O Be7 6. c3 O-O 7. Nbd2 Nc6 8. b4 a6
9. Rb1 e5 10. Qb3+ Kh8 11. a4 e4 12. Ng5 d5 13. e3 h6 14. Nh3 g5 15. Kh1 b5 16.
Qd1 Bd6 17. Nb3 Ne7 18. Ng1 Ng6 19. f3 exf3 20. Bxf3 Ne4 21. Bxe4 fxe4 22. Nc5
c6 23. Ra1 Ra7 24. axb5 cxb5 25. Ra2 Raf7 26. Rxf7 Rxf7 27. Kg2 Qf8 28. Qe1 Bxc5
29. bxc5 Ne7 30. c6 Nxc6 31. Ba3 Qd8 32. Rf2 Kg7 33. Rxf7+ Kxf7 34. Bc5 Na5 35.
h3 Nc4 36. Kf2 Qf6+ 37. Kg2 a5 38. g4 a4 39. Qg3 Kg6 40. Ne2 Nd2 41. Ng1 Nc4 42.
Ne2 h5 43. gxh5+ Kxh5 44. Ng1 Be6 45. Kh1 Kh6 46. Qb8 Nxe3 47. Qe8 Qf7 48. Qh8+
Kg6 49. Bf8 Qg8 50. Qh6+ Kf7 51. Bc5 Ke8 52. Qf6 Nf5 53. Qe5 Kf7 54. Ne2 Kg6 55.
h4 Nxh4 56. Be7 Nf3 57. Qf6+ Kh7 58. Bf8 Qf7 59. Qh6+ Kg8 60. Bg7 Qxg7 61. Qxe6+
Qf7 62. Qc8+ Kg7 63. Ng3 Nh4 64. Kh2 Kh6 65. Qh8+ Kg6 66. Qh5+ Kf6 67. Qh8+ Ke6
68. Qc8+ Qd7 69. Qg8+ Kd6 70. Qf8+ Kc6 71. Qa8+ Kb6 72. Qb8+ Ka5 73. Qa8+ Qa7
74. Qxa7# 1-0

[Event "TATA 14th IBCA Olympiad"]
[Site "Chennai IND"]
[Date "2012.08.18"]
[Round "8.3"]
[White "Nistor, Mihai"]
[Black "Berggren, Marcus"]
[Result "0-1"]
[WhiteElo "1925"]
[BlackElo "1933"]
[WhiteTeam "Romania"]
[BlackTeam "Sweden"]
[WhiteFideId "1215701"]
[BlackFideId "1710036"]
[EventDate "2012.08.10"]
[EventType "team"]

1. e4 e6 2. d4 d5 3. Nc3 Bb4 4. e5 c5 5. Bd2 cxd4 6. Nb5 Bf8 7. Nf3 a6 8. Nbxd4
Nc6 9. c3 Nge7 10. Bd3 Qc7 11. Qe2 Ng6 12. Nxc6 bxc6 13. h4 f6 14. exf6 gxf6 15.
h5 Nf4 16. Bxf4 Qxf4 17. g3 Qd6 18. Qc2 Ra7 19. h6 a5 20. Kf1 e5 21. Bf5 Ba6+
22. Kg2 Qc7 23. Rae1 Kd8 24. Rd1 Bd6 25. b3 Qb6 26. c4 d4 27. Nd2 c5 28. f3 Bb7
29. Nb1 Qc6 30. Be4 Qd7 31. Bf5 Qc7 32. Nc3 Bc6 33. Qd3 Rg8 34. g4 Qb7 35. Ne2
e4 36. fxe4 Rxg4+ 37. Kf3 Rg5 38. Be6 Bxe4+ 39. Qxe4 Qxe4+ 40. Kxe4 Re5+ 41. Kd3
Rxe6 42. Nxd4 cxd4 43. Kxd4 Re5 44. Kc3 Ke7 45. Rhg1 Bb4+ 46. Kc2 Rg5 47. Rgf1
Kf7 48. Rf2 Kg6 49. Rdf1 Rf7 50. Kd3 f5 0-1

[Event "TATA 14th IBCA Olympiad"]
[Site "Chennai IND"]
[Date "2012.08.18"]
[Round "8.1"]
[White "Moradiyan, Meysam"]
[Black "Molnar, Lubos"]
[Result "1/2-1/2"]
[WhiteElo "1992"]
[BlackElo "1981"]
[WhiteTeam "Iran"]
[BlackTeam "Slovakia"]
[WhiteFideId "12507725"]
[BlackFideId "14905795"]
[EventDate "2012.08.10"]
[EventType "team"]

1. e4 c5 2. c4 Nc6 3. Nc3 g6 4. g3 Bg7 5. Bg2 d6 6. d3 e6 7. Nge2 Nge7 8. Be3
Nd4 9. O-O Nec6 10. Qd2 Rb8 11. Bh6 O-O 12. Bxg7 Kxg7 13. f4 a6 14. Nxd4 Nxd4
15. e5 Qc7 16. Ne4 dxe5 17. fxe5 Qxe5 18. Nf6 Nf5 19. Ne4 f6 20. Qf2 Qd4 21.
Nxc5 Qxf2+ 22. Rxf2 b6 23. Nb3 Rd8 24. d4 Ne3 25. Rc1 a5 26. Bc6 Rd6 27. Bb5 Bb7
28. Re2 Nf5 29. g4 Nxd4 30. Nxd4 Rxd4 31. Rxe6 Rxg4+ 32. Kf1 Rf4+ 33. Kg1 Be4
34. Rd6 h5 35. Rf1 Rg4+ 36. Kf2 Rg2+ 37. Ke3 f5 38. Rf2 Rxf2 39. Kxf2 h4 40. a3
Kh6 41. b4 axb4 42. axb4 Kg5 43. Ba6 f4 44. c5 bxc5 45. b5 c4 46. Rd4 Bd3 47.
Kf3 Re8 48. b6 Re3+ 49. Kf2 Re2+ 50. Kf3 Re3+ 51. Kf2 Kg4 52. Bc8+ Kg5 53. Ba6
Re2+ 54. Kf3 Re3+ 1/2-1/2

[Event "TATA 14th IBCA Olympiad"]
[Site "Chennai IND"]
[Date "2012.08.18"]
[Round "8.2"]
[White "Murin, Miroslav"]
[Black "Mousavi, Emadeddin"]
[Result "1/2-1/2"]
[WhiteElo "1866"]
[BlackElo "1877"]
[WhiteTeam "Slovakia"]
[BlackTeam "Iran"]
[WhiteFideId "14919303"]
[BlackFideId "12522031"]
[EventDate "2012.08.10"]
[EventType "team"]

1. e4 c5 2. Nf3 d6 3. d4 cxd4 4. Nxd4 Nf6 5. Nc3 Nc6 6. Bg5 e6 7. Qd2 Qb6 8. Nb3
a6 9. Be2 Bd7 10. f3 Qc7 11. a4 Be7 12. Be3 Na5 13. Nxa5 Qxa5 14. O-O Rc8 15.
Bd3 Qc7 16. Kh1 O-O 17. Qf2 Bc6 18. Bb6 Qb8 19. f4 e5 20. Qd2 Nd7 21. Be3 b5 22.
axb5 axb5 23. Ra7 exf4 24. Rxf4 Bg5 25. Rg4 Bxe3 26. Qxe3 Ne5 27. Rg3 b4 28. Nd5
Bxd5 29. exd5 Nxd3 30. Rxg7+ Kxg7 31. Qg5+ Kh8 1/2-1/2

[Event "TATA 14th IBCA Olympiad"]
[Site "Chennai IND"]
[Date "2012.08.18"]
[Round "8.3"]
[White "Bagheri, Majjid"]
[Black "Horbal, Jozef"]
[Result "1/2-1/2"]
[WhiteElo "1958"]
[BlackElo "1650"]
[WhiteTeam "Iran"]
[BlackTeam "Slovakia"]
[WhiteFideId "12524158"]
[BlackFideId "14901269"]
[EventDate "2012.08.10"]
[EventType "team"]

1. Nf3 d5 2. d4 e6 3. g3 Nf6 4. Bg2 Be7 5. Nbd2 Nbd7 6. O-O O-O 7. c4 c6 8. Qc2
Re8 9. b3 Bf8 10. Bb2 b6 11. Ne5 Bb7 12. e4 Rc8 13. Nxd7 Nxd7 14. e5 f6 15. f4
Qe7 16. cxd5 cxd5 17. Qd3 f5 18. a3 Nb8 19. b4 b5 20. Nb3 a6 21. Nc5 Nc6 22. Bf3
g6 23. Rf2 Red8 24. g4 Qf7 25. Rg2 Kh8 26. Bc3 Bxc5 27. bxc5 Rg8 28. g5 Qc7 29.
h4 Na5 30. h5 Nc4 31. hxg6 hxg6 32. Be2 Kg7 33. Qg3 Rh8 34. Ra2 Rh7 35. Bxc4
dxc4 36. Rh2 Rch8 37. Rxh7+ Rxh7 38. Rh2 Kg8 1/2-1/2